For No One - The Beatles | Lyrics - Statistics

General Stats
  • This quiz has been taken 103 times
  • The average score is 156 of 189
Answer Stats
% Correct
no
98%
No
98%
A
97%
love
97%
on
97%
You
97%
you
97%
for
95%
her
95%
her,
95%
that
95%
the
95%
be
94%
she
94%
She
94%
one
92%
and
90%
And
90%
lasted
90%
long
90%
need
90%
of
90%
When
90%
when
90%
years
90%
behind
89%
have
89%
in
87%
see
87%
should
87%
tears
87%
Cried
85%
eyes,
85%
needs
85%
nothing
85%
sign
84%
Your
84%
your
84%
breaks,
82%
longer
82%
day
81%
doesn't
79%
mind
79%
aches
77%
is
77%
think
76%
want
76%
up,
74%
up
74%
says
73%
gone,
71%
all
68%
don't
68%
makes
68%
wakes
68%
ago
66%
believe
63%
him
63%
find
61%
now
61%
someone
61%
time
61%
yet
61%
dead
60%
knew
60%
to
60%
But
58%
kindness
58%
words
58%
he's
56%
hurry
56%
takes
56%
feel
55%
linger
55%
has
53%
goes
52%
out
45%
stay
45%
forget
42%
head
42%
won't
40%
home,
39%
will
35%
fill
34%
said
34%
things
32%
There
29%
times
26%
No matching quizzes found
Score Distribution
Percent of People with Each Score
Percentile by Number Answered
Your Score History
You have not taken this quiz